| Tag |
First Indicator |
Second Indicator |
Subfields |
| LEADER |
00000cam a2200000Ia 4500 |
| 001 |
in00002248921 |
| 005 |
20151105053207.0 |
| 008 |
970814q19001930sz 000 0 fre d |
| 035 |
|
|
|a (OCoLC)ocm81312392
|
| 035 |
|
|
|a (OCoLC)81312392
|
| 040 |
|
|
|a MH
|c HLS
|d TXA
|d UtOrBLW
|
| 041 |
1 |
|
|a fre
|h ger
|
| 043 |
|
|
|a e-it---
|
| 049 |
|
|
|a TXAM
|
| 090 |
|
|
|a BX4881
|b .F65 1900
|
| 100 |
1 |
|
|a Fliedner, Henri.
|
| 245 |
1 |
3 |
|a Un peuple de martyrs :
|b ou, Les Vaudois du Piémont et leur histoire /
|c par Henri Fliedner ; traduit par H. Denkinger.
|
| 264 |
|
1 |
|a Genéve :
|b J.-H. Jeheber,
|c [between 1900 and 1999?]
|
| 300 |
|
|
|a 64 pages :
|b illustrations ;
|c 19 cm
|
| 336 |
|
|
|a text
|b txt
|2 rdacontent
|
| 337 |
|
|
|a unmediated
|b n
|2 rdamedia
|
| 338 |
|
|
|a volume
|b nc
|2 rdacarrier
|
| 490 |
1 |
|
|a Triomphes de l'evangile. Deuxiéme série
|
| 536 |
|
|
|a From the Biblioteca Asensio, April 2004.
|
| 650 |
|
0 |
|a Waldenses
|z Italy
|z Piedmont.
|
| 651 |
|
0 |
|a Piedmont (Italy)
|x Church history.
|
| 700 |
1 |
|
|a Denkinger, Henri,
|d 1867-
|
| 830 |
|
0 |
|a Triomphes de l'evangile.
|p Deuxiéme série.
|
| 994 |
|
|
|a C0
|b TXA
|
| 948 |
|
|
|a cataloged
|b h
|c 2007/6/11
|d o
|e nbehmer
|f 9:19:19 am
|
| 999 |
|
|
|a MARS
|
| 999 |
f |
f |
|s 99503c2d-f987-38e1-885a-017b2330c852
|i 7fff0ea3-5203-38b9-b46a-a1c251830fb1
|t 0
|
| 952 |
f |
f |
|p ric
|a Texas A&M University
|b Rellis Campus
|c Joint Library Facility
|d Remote Storage
|t 0
|e BX4881 .F65 1900
|h Library of Congress classification
|i unmediated -- volume
|m A14836284574
|
| 998 |
f |
f |
|a BX4881 .F65 1900
|t 0
|l Remote Storage
|